000 00497nam a2200181Ia 4500
005 20250326124006.0
008 250326s9999 xx 000 0 und d
037 _aTextbook
040 _aFMSL
_beng
_cFMSL
041 _aeng
_2eng
084 _aX K2.2
_qFMSL
100 _aWicksell K
_9343585
245 0 _aLectures on political economy
_cWicksell K
260 _aLondon
_bLondon, Routledge & Kegan Paul
_c1962
300 _a238p
942 _cTB
_hX K2.2
999 _c1271791
_d1271791